000 00647cam a22002291 4500
001 sa 68005421
003 DLC
005 20260227112508.0
008 710915s1958 ii b 00010 eng
010 _asa 68005421 //r97
040 _aDLC
_cDLC
_dDLC
043 _aa-ii---
050 0 0 _aD16.8
_b.M33
100 1 0 _aMathur, Ramesh Narain.
245 1 0 _aStudies in history & politics
_c[by] R. N. Mathur. Revised by D. R. Bhandari.
260 0 _aAgra,
_bL. N. Agarwal
_c[1958]
300 _a193 p.
_c19 cm.
504 _aIncludes bibliographies.
650 0 _aHistory
_xPhilosophy.
651 0 _aIndia
_xHistory.
700 1 0 _aBhandari, Des Raj.
999 _c80728
_d80728